Normal view
MARC view
- Jha, E S
Entry Personal Name
001 - CONTROL NUMBER
- control field: 6380
003 - CONTROL NUMBER IDENTIFIER
- control field: OSt
005 - DATE AND TIME OF LATEST TRANSACTION
- control field: 20241101143125.0
008 - FIXED-LENGTH DATA ELEMENTS
- fixed length control field: 241101|| aca||aabn | a|a d
040 ## - CATALOGING SOURCE
- Original cataloging agency: OSt
- Transcribing agency: OSt
100 ## - HEADING--PERSONAL NAME
- Personal name: Jha, E S
670 ## - SOURCE DATA FOUND
- Source citation: Work cat.: (OSt)1924: Kaushika , N D . 6362, Energy resources and technology / , 1989.
